000 00568nam a22001937a 4500
005 20240927124234.0
008 231027b ||||| |||| 00| 0 eng d
040 _cAL
041 _akannda
082 _223
_aK894.3
_bRADM
100 _aH G Radhadevi
_9180551
100 _9140124
_dರಾಧಾದೇವಿ (ಹೆಚ್ ಜಿ)
245 _aMohana Raga
_b ಮೋಹನ ರಾಗ
260 _aBengaluru
_bRajalakshmi
_c1990
650 _aKannada Fiction
_9139728
650 _aKannada Literature
_9139729
700 _aRADHADEVI (H G)
_9139730
942 _2ddc
_cBK
999 _c229039
_d229039